Ohio State Wide Receivers that was drafted in the first round - Statistics

General Stats
  • This quiz has been taken 79 times
  • The average score is 6 of 12
Answer Stats
Hint Answer % Correct
2024 Arizona Cardinals Pick 4 Marvin Harrison Jr
100%
2022 New Orleans Pick 11 Chris Olave
97%
2022 New York Jets Pick 10 Garrett Wilson
96%
2025 Tampa Bay Buccaneers Pick 19 Emeka Egbuka
93%
2023 Seattle Seahawks Pick 20 Jaxon Smith-Njigba
88%
2007 Miami Dolphins Pick 9 Ted Ginn Jr
39%
1999 Arizona Cardinals Pick 8 David Boston
30%
2006 Pittsburgh Steelers Pick 25 Santonio Holmes
30%
1995 Seattle Seahawks Pick 8 Joey Galloway
19%
2004 Atlanta Falcons Pick 29 Michael Jenkins
18%
1996 New England Patriots Pick 7 Terry Glenn
18%
2007 Indianapolis Colts Pick 32 Anthony Gonzalez
13%
No matching quizzes found
Score Distribution
Percent of People with Each Score
Percentile by Number Answered
Your Score History
You have not taken this quiz